00861nam a2200241Ia 4500003000400000005001700004008004100021020001800062040001800080041000800098082002100106100003000127245005500157250001200212260004100224300003000265650004500295650003200340650005200372942003100424999001900455952014500474OSt20230717141146.0210716s1994 xx 000 0 und d a9780130970312 cAIMIT LIBRARY aeng a338.97321bLINJ aLindeen, James W.9127373 aGoverning america's economy /cBy James W Lindeen. a1st ed. aNew Jersey :bPrentice Hall ,c1994. axii,291p. ;bPBc22.5 cm. aAn interdisciplinary perspective9127374 aHistorical overview9127375 aGovernmental institutions and processes9127376 2ddccBKe1stk338.973 LINJ c198488d198488 00102ddc40708MBAaAIMITbAIMITd2004-12-21iBill no:; Bill dt:1900-01-00l0o338.978 LINJpMBA01053r2026-05-23 00:00:00w2021-07-16yBK